Is it possible to forecast the construction cost index in the USA? (Record no. 82486)

MARC details
000 -LEADER
fixed length control field 01362cad a22002655a 4500
001 - CONTROL NUMBER
control field L150379
008 - FIXED-LENGTH DATA ELEMENTS--GENERAL INFORMATION
fixed length control field 100707e2010 xxk 000 0 eng d
020 ## - INTERNATIONAL STANDARD BOOK NUMBER
International Standard Book Number 9781842196007
035 ## - SYSTEM CONTROL NUMBER
System control number (Sirsi) u150379
041 0# - LANGUAGE CODE
Language code of text/sound track or separate title eng
100 1# - MAIN ENTRY--PERSONAL NAME
Personal name Ashuri, Baabak
110 2# - MAIN ENTRY--CORPORATE NAME
Corporate name or jurisdiction name as entry element Royal Institution of Chartered Surveyors
9 (RLIN) 4900
245 00 - TITLE STATEMENT
Title Is it possible to forecast the construction cost index in the USA?
Medium [electronic resource]
260 ## - PUBLICATION, DISTRIBUTION, ETC.
Place of publication, distribution, etc. London
Name of publisher, distributor, etc. RICS
Date of publication, distribution, etc. 2010
490 ## - SERIES STATEMENT
Series statement RICS Education Trust
490 ## - SERIES STATEMENT
Series statement FiBRESERIES
-- findings in built and rural environments
520 ## - SUMMARY, ETC.
Summary, etc. Monthly Construction Cost Index (CCI) in the USA is a weighted aggregate index of the 20-city average prices of construction raw materials and labour; uncertainty about future trends in construction costs is a major risk factor in cost estimating and budgeting; predicting construction trends can avoid under or over-esimtation; compares the applicability and predictability of various approaches to forecasting the CCI; key findings; simple models.
590 ## - LOCAL NOTE (RLIN)
Local note KA NTK
651 #4 - SUBJECT ADDED ENTRY--GEOGRAPHIC NAME
Geographic name United States 1959-
690 ## - LOCAL SUBJECT ADDED ENTRY--TOPICAL TERM (OCLC, RLIN)
Topical term or geographic name as entry element BUILT ENVIRONMENT-BUILDING COSTS
700 1# - ADDED ENTRY--PERSONAL NAME
Personal name Lu, Jian
710 ## - ADDED ENTRY--CORPORATE NAME
Corporate name or jurisdiction name as entry element Georgia Institute of Technology, USA
856 48 - ELECTRONIC LOCATION AND ACCESS
Uniform Resource Identifier <a href="https://www.rics.org/site/download_feed.aspx?fileID=6698&fileExtension=PDF">https://www.rics.org/site/download_feed.aspx?fileID=6698&fileExtension=PDF</a>
Public note View the website free of charge at www.rics.org
942 ## - ADDED ENTRY ELEMENTS (KOHA)
Suppress in OPAC 0
Holdings
Withdrawn status Lost status Source of classification or shelving scheme Damaged status Not for loan Home library Current library Shelving location Date acquired Total Checkouts Full call number Barcode Date last seen Copy number Price effective from Koha item type
    Dewey Decimal Classification     Virtual Virtual Online 07/07/2010   ONLINE PUBLICATION 150379-2001 06/08/2019 1 06/08/2019 Book